书目信息 |
| 题名: |
过程控制实验教程
|
|
| 作者: | 李国勇 主编 | |
| 分册: | ||
| 出版信息: | 北京 清华大学出版社 2011.01 |
|
| 页数: | 14,289页 | |
| 开本: | 25cm | |
| 丛书名: | ||
| 单 册: | ||
| 中图分类: | TP273-33 | |
| 科图分类: | ||
| 主题词: | 过程控制 , 过程控制--实验--高等学校--教材 | |
| 电子资源: | ||
| ISBN: | 978-7-302-23243-8 | |
| 000 | 01088nam0 2200289 450 | |
| 001 | 297621 | |
| 005 | 20110901153007.50 | |
| 010 | @a978-7-302-23243-8@dCNY29.50 (含光盘) | |
| 100 | @a20110118d2011 em y0chiy50 ea | |
| 101 | 0 | @achi |
| 102 | @aCN@b110000 | |
| 105 | @aa z 000yy | |
| 106 | @ar | |
| 200 | 1 | @a过程控制实验教程@dExperiments on process control systems@f李国勇主编@zeng@Aguo cheng kong zhi shi yan jiao cheng |
| 210 | @a北京@c清华大学出版社@d2011.01 | |
| 215 | @a14,289页@c图@d25cm@e光盘1片 | |
| 300 | @a全国高等学校自动化专业系列教材 普通高等教育“十一五”国家级规划教材 | |
| 307 | @a附光盘:ISBN 978-7-89444-294-9 | |
| 330 | @a本书以《过程控制》教材主要内容设计实验课程,在实验环节设计上,分为基础型、验证型、综合型和设计型四种类型,在实验方法上,对每一类型实验均提出了三种实验方案。 | |
| 510 | 1 | @aExperiments on process control systems@zeng |
| 586 | @a | |
| 606 | 0 | @a过程控制 |
| 606 | 0 | @a过程控制@x实验@x高等学校@j教材 |
| 690 | @aTP273-33@v5 | |
| 701 | 0 | @a李国勇@f(1963~)@4主编@Ali guo yong |
| 801 | 0 | @aCN@c20110610 |
| 905 | @dTP273-33@eL160 | |
| 过程控制实验教程=Experiments on process control systems/李国勇主编.-北京:清华大学出版社,2011.01 |
| 14,289页:图;25cm+光盘1片 |
| 全国高等学校自动化专业系列教材 普通高等教育“十一五”国家级规划教材 |
| ISBN 978-7-302-23243-8:CNY29.50 (含光盘) |
| 本书以《过程控制》教材主要内容设计实验课程,在实验环节设计上,分为基础型、验证型、综合型和设计型四种类型,在实验方法上,对每一类型实验均提出了三种实验方案。 |
| ● |
| 相关链接 |
|
|
|
正题名:过程控制实验教程
索取号:TP273-33/L160
 
预约/预借
| 序号 | 登录号 | 条形码 | 馆藏地/架位号 | 状态 | 备注 |
| 1 | 1015793 | 210157934 | 自科库301/301自科库 41排2列5层/ [索取号:TP273-33/L160] | 在馆 | |
| 2 | 1015794 | 210157943 | 自科库301/301自科库 72排2列4层/ [索取号:TP273-33/L160] | 在馆 | |
| 3 | 1015795 | 210157952 | 自科库301/301自科库 72排2列4层/ [索取号:TP273-33/L160] | 在馆 |